MARC details
| 000 -CABECERA |
| campo de control de longitud fija |
02717nam a2200445 a 4500 |
| 003 - IDENTIFICADOR DEL NÚMERO DE CONTROL |
| campo de control |
CHAP |
| 005 - FECHA Y HORA DE LA ÚLTIMA TRANSACCIÓN |
| campo de control |
20240814110407.0 |
| 007 - CAMPO FIJO DE DESCRIPCIÓN FÍSICA--INFORMACIÓN GENERAL |
| campo de control de longitud fija |
cr || |||a|c|a |
| 008 - DATOS DE LONGITUD FIJA--INFORMACIÓN GENERAL |
| campo de control de longitud fija |
101021s2010 mx r 00010 spa d |
| 035 ## - NÚMERO DE CONTROL DEL SISTEMA |
| Número de control de sistema |
111160 |
| 040 ## - FUENTE DE LA CATALOGACIÓN |
| Centro/agencia transcriptor |
CHAP |
| 090 ## - LOCALMENTE ASIGNADO TIPO-LC NÚMERO DE CLASIFICACIÓN (OCLC); NÚMERO DE CLASIFICACIÓN LOCAL (RLIN) |
| Número de clasificación (OCLC) (R) ; Numero de clasificación, CALL (RLIN) (NR) |
Tesis |
| 100 1# - ENTRADA PRINCIPAL--NOMBRE DE PERSONA |
| Nombre de persona |
López Palestina, César Uriel. |
| 9 (RLIN) |
68205 |
| 245 10 - MENCIÓN DE TÍTULO |
| Título |
Efecto de la temperatura y empaque en la conservación de flor de calabaza (Cucurbita spp) vs |
| Mención de responsabilidad, etc. |
/por César Uriel López Palestina; directora Ma. Teresa Colinas León |
| 264 #1 - PRODUCCIÓN, PUBLICACIÓN, DISTRIBUCIÓN, FABRICACIÓN Y COPYRIGHT |
| Producción, publicación, distribución, fabricación y copyright |
Chapingo, Méx. : |
| Nombre del de productor, editor, distribuidor, fabricante |
El autor, |
| Fecha de producción, publicación, distribución, fabricación o copyright |
2010. |
| 300 ## - DESCRIPCIÓN FÍSICA |
| Extensión |
1 recurso en línea (87 páginas). |
| 336 ## - TIPO DE CONTENIDO |
| Fuente |
rdacontent |
| Término de tipo de contenido |
texto |
| Código de tipo de contenido |
txt |
| 337 ## - TIPO DE MEDIO |
| Fuente |
rdamedia |
| Nombre/término del tipo de medio |
computadora |
| Código del tipo de medio |
c |
| 338 ## - TIPO DE SOPORTE |
| Fuente |
rdacarrier |
| Nombre/término del tipo de soporte |
recursos en linea |
| 502 ## - NOTA DE TESIS |
| Nombre de la institución que otorga el título |
Departamento de Ingeniería Agroindustrial, |
| Año de obtención del título |
2010. |
| Información miscelánea |
Maestría |
| Tipo de título |
(Maestro en Ciencia y Tecnología Agroalimentaria) -- |
| 520 ## - SUMARIO, ETC. |
| Sumario, etc. |
El objetivo de este trabajo fue evaluar el efecto de diferentes temperaturas de almacenamiento (4, 8 y 22°C) y empaque, dos tipos de películas plásticas (CRYOVAC®: CP9250 y PC7225) y testigo, sobre el comportamiento poscosecha de la flor de calabaza (Cucurbita spp). Las variables evaluadas para determinar la vida útil de la flor de calabaza fueron: pérdida de peso, color, carotenoides totales, intensidad respiratoria, metabolitos anaerobios (acetaldehído y etanol), fenoles totales, actividad de la polifenoloxidasa (PPO) y apariencia visual del producto. Se encontró que el uso combinado de bajas temperaturas y empaque plástico disminuyeron significativamente la pérdida de peso y el color, hubo una reducción en la tasa respiratoria, menor producción de metabolitos anaerobios y fenoles totales y baja actividad de la PPO, sin embargo, también se registró una disminución en el contenido de carotenoides totales. El mejor tratamiento fue a 4° C con el uso de la película CP9250, presentando las flores de calabaza al octavo día de almacenamiento con una buena apariencia comercial. |
| 650 04 - PUNTO DE ACCESO ADICIONAL DE MATERIA--TÉRMINO DE MATERIA |
| Término de materia o nombre geográfico como elemento de entrada |
Calabaza |
| Subdivisión general |
Floración. |
| 9 (RLIN) |
17273 |
| 650 04 - PUNTO DE ACCESO ADICIONAL DE MATERIA--TÉRMINO DE MATERIA |
| Término de materia o nombre geográfico como elemento de entrada |
Empaque. |
| 9 (RLIN) |
36540 |
| 650 04 - PUNTO DE ACCESO ADICIONAL DE MATERIA--TÉRMINO DE MATERIA |
| Término de materia o nombre geográfico como elemento de entrada |
Temperatura |
| Subdivisión general |
Efecto en flores. |
| 9 (RLIN) |
112191 |
| 700 1# - PUNTO DE ACCESO ADICIONAL--NOMBRE DE PERSONA |
| Nombre de persona |
Colinas León, María Teresa B. |
| 9 (RLIN) |
25185 |
| Término indicativo de función/relación |
Directora de tesis |
| 856 ## - LOCALIZACIÓN Y ACCESO ELECTRÓNICOS |
| Identificador Uniforme del Recurso |
http://10.13.5.2/tesis/111160.pdf |
| Nota pública |
DESCARGAR PDF |
| 942 ## - ELEMENTOS DE PUNTO DE ACCESO ADICIONAL (KOHA) |
| Tipo de ítem Koha |
Tesis digital |
| Fuente del sistema de clasificación o colocación |
Clasificación Universidad Autónoma Chapingo |
| 590 ## - NOTA LOCAL (RLIN) |
| Nota local |
ALEPH |
| Procedencia (VM) [OBSOLETO] |
10 |
| Condición del los carretes individuales (VM) [OBSOLETO] |
20130110 |
| 590 ## - NOTA LOCAL (RLIN) |
| Nota local |
BATCH-UPD |
| Procedencia (VM) [OBSOLETO] |
10 |
| Condición del los carretes individuales (VM) [OBSOLETO] |
20130110 |
| 590 ## - NOTA LOCAL (RLIN) |
| Nota local |
BATCH-UPD |
| Procedencia (VM) [OBSOLETO] |
10 |
| Condición del los carretes individuales (VM) [OBSOLETO] |
20130410 |
| 590 ## - NOTA LOCAL (RLIN) |
| Nota local |
BATCH-UPD |
| Procedencia (VM) [OBSOLETO] |
10 |
| Condición del los carretes individuales (VM) [OBSOLETO] |
20130914 |
| 590 ## - NOTA LOCAL (RLIN) |
| Nota local |
BATCH-UPD |
| Procedencia (VM) [OBSOLETO] |
10 |
| Condición del los carretes individuales (VM) [OBSOLETO] |
20140324 |
| 590 ## - NOTA LOCAL (RLIN) |
| Nota local |
BATCH-UPD |
| Procedencia (VM) [OBSOLETO] |
10 |
| Condición del los carretes individuales (VM) [OBSOLETO] |
20141002 |
| 590 ## - NOTA LOCAL (RLIN) |
| Nota local |
CONVERSION |
| Procedencia (VM) [OBSOLETO] |
10 |
| Condición del los carretes individuales (VM) [OBSOLETO] |
20130109 |
| 901 ## - ELEMENTOS DE DATOS A LOCAL LDA (RLIN) |
| a |
BK |
| 949 ## - PROCESAMIENTO DE INFORMACIÓN LOCAL (OCLC) |
| b |
BC |
| c |
TES |
| d |
33724002211595 |
| e |
TS2 |
| f |
c.2 |
| g |
DonaciØn |
| h |
51238 |
| i |
111160 |
| s |
b |
| 949 ## - PROCESAMIENTO DE INFORMACIÓN LOCAL (OCLC) |
| b |
BC |
| c |
TES |
| d |
33724002211637 |
| e |
TS1 |
| g |
DonaciØn |
| h |
51237 |
| i |
111160 |
| s |
b |